<?xml version="1.0" encoding="UTF-8"?>
<collection xmlns="http://www.loc.gov/MARC21/slim">
<record>
  <controlfield tag="001">79133</controlfield>
  <controlfield tag="005">20210520140808.0</controlfield>
  <datafield tag="037" ind1=" " ind2=" ">
    <subfield code="a">TESIS-2019-087</subfield>
  </datafield>
  <datafield tag="041" ind1=" " ind2=" ">
    <subfield code="a">spa</subfield>
  </datafield>
  <datafield tag="080" ind1=" " ind2=" ">
    <subfield code="a">577</subfield>
  </datafield>
  <datafield tag="100" ind1="1" ind2=" ">
    <subfield code="a">Pérez Laguna, Vanesa</subfield>
  </datafield>
  <datafield tag="245" ind1="0" ind2="0">
    <subfield code="a">Terapia fotodinámica antimicrobiana frente a agentes causantes de infecciones en piel y/o mucosas</subfield>
  </datafield>
  <datafield tag="260" ind1=" " ind2=" ">
    <subfield code="a">Zaragoza</subfield>
    <subfield code="b">Universidad de Zaragoza, Prensas de la Universidad</subfield>
    <subfield code="c">2019</subfield>
  </datafield>
  <datafield tag="300" ind1=" " ind2=" ">
    <subfield code="a">193</subfield>
  </datafield>
  <datafield tag="490" ind1="0" ind2=" ">
    <subfield code="a">Tesis de la Universidad de Zaragoza</subfield>
    <subfield code="x">2254-7606</subfield>
    <subfield code="v">2019-67</subfield>
  </datafield>
  <datafield tag="500" ind1=" " ind2=" ">
    <subfield code="a">Presentado:  14 02 2019</subfield>
  </datafield>
  <datafield tag="502" ind1=" " ind2=" ">
    <subfield code="a">Tesis-Univ. Zaragoza, Bioquímica y Biología Molecular y Celular, 2019</subfield>
    <subfield code="b">Zaragoza, Universidad de Zaragoza</subfield>
    <subfield code="c">2019</subfield>
  </datafield>
  <datafield tag="520" ind1=" " ind2=" ">
    <subfield code="a">Los microorganismos causantes de infecciones son cada vez más resistentes a los antibióticos. En este contexto, es necesaria la búsqueda de alternativas para combatirlos.&lt;br />	La terapia fotodinámica antimicrobiana (TFDA) se presenta como una opción de tratamiento frente a los agentes causantes de infecciones en piel y/o mucosas. Es una modalidad terapéutica basada en la utilización de moléculas fotosensibilizantes que, al ser irradiadas con luz de una longitud de onda adecuada y a dosis suficiente, acaban generando especies reactivas de oxigeno que inducen la destrucción de las células diana.&lt;br />	En la presente Tesis Doctoral, elaborada por compendio de publicaciones, se presentan seis Estudios que muestran cómo la TFDA es capaz de inactivar ciertas bacterias, levaduras y hongos filamentosos. Se han realizado experimentos con diferentes fotosensibilizantes clásicos, azul de metileno, rosa de bengala y curcumina y uno nuevo, probado por primera vez por nuestro grupo, con una estructura química cuyo núcleo está formado por seis átomos de molibdeno, logrando en todos los casos resultados prometedores. Además, se demuestra que se pueden usar distintos tipos de fuentes de luz para la aplicación de la TFDA habiéndose empleado satisfactoriamente lámparas LED, lámparas de halogenuro e incluso la luz solar. Asimismo, la TFDA en combinación con cada uno de los diferentes antibióticos ensayados, mupirocina, linezolid y gentamicina, ha mostrando efecto sinérgico en la inactivación de los microorganismos estudiados.&lt;br /></subfield>
  </datafield>
  <datafield tag="506" ind1=" " ind2=" ">
    <subfield code="a">by-nc-nd</subfield>
    <subfield code="b">Creative Commons</subfield>
    <subfield code="c">3.0</subfield>
    <subfield code="u">http://creativecommons.org/licenses/by-nc-nd/3.0/es</subfield>
  </datafield>
  <datafield tag="520" ind1=" " ind2=" ">
    <subfield code="a">&lt;br /></subfield>
  </datafield>
  <datafield tag="521" ind1=" " ind2=" ">
    <subfield code="9">7073</subfield>
    <subfield code="a">Programa de Doctorado en Bioquímica y Biología Molecular</subfield>
  </datafield>
  <datafield tag="653" ind1="1" ind2=" ">
    <subfield code="a">fotoquimica</subfield>
  </datafield>
  <datafield tag="653" ind1="1" ind2=" ">
    <subfield code="a">antibioticos</subfield>
  </datafield>
  <datafield tag="653" ind1="1" ind2=" ">
    <subfield code="a">microbiologia</subfield>
  </datafield>
  <datafield tag="653" ind1="1" ind2=" ">
    <subfield code="a">enfermedades infecciosas</subfield>
  </datafield>
  <datafield tag="700" ind1=" " ind2=" ">
    <subfield code="a">REZUSTA LÓPEZ, ANTONIO</subfield>
    <subfield code="e">dir.</subfield>
  </datafield>
  <datafield tag="700" ind1=" " ind2=" ">
    <subfield code="a">SAMPER BLASCO, SOFIA  </subfield>
    <subfield code="e">dir.</subfield>
  </datafield>
  <datafield tag="700" ind1=" " ind2=" ">
    <subfield code="a">GILABERTE CALZADA, YOLANDA</subfield>
    <subfield code="e">dir.</subfield>
  </datafield>
  <datafield tag="710" ind1="2" ind2=" ">
    <subfield code="a">Universidad de Zaragoza</subfield>
    <subfield code="b">Bioquímica y Biología Molecular y Celular</subfield>
  </datafield>
  <datafield tag="830" ind1=" " ind2=" ">
    <subfield code="9">485</subfield>
  </datafield>
  <datafield tag="856" ind1="0" ind2=" ">
    <subfield code="f">tdr@unizar.es</subfield>
  </datafield>
  <datafield tag="856" ind1="4" ind2=" ">
    <subfield code="u">http://zaguan.unizar.es/record/79133/files/TESIS-2019-087.pdf</subfield>
    <subfield code="z">Texto completo (spa)</subfield>
    <subfield code="s">6381706</subfield>
  </datafield>
  <datafield tag="909" ind1="C" ind2="O">
    <subfield code="o">oai:zaguan.unizar.es:79133</subfield>
    <subfield code="p">driver</subfield>
    <subfield code="p">tesis</subfield>
  </datafield>
  <datafield tag="910" ind1="2" ind2=" ">
    <subfield code="a"></subfield>
    <subfield code="b">Bioquímica y Biología Molecular y Celular</subfield>
  </datafield>
  <datafield tag="980" ind1=" " ind2=" ">
    <subfield code="a">TESIS</subfield>
  </datafield>
</record>
</collection>